000 00669nam a2200229Ia 4500
005 20260429111932.0
008 260429s9999||||xx |||||||||||||| ||und||
020 _a9789359786742
041 _aEnglish
082 _a796.06
_bSIN
100 _aSingh, Yatendra Kumar
245 0 _aKey concepts in sports management planning, execution and success /
_cYatendra Kumar Singh
250 _a1st ed.
260 _aNew Delhi :
_bFriends Publications (India),
_c2023.
300 _aix, 181 p.; hb
650 _a Leadership
650 _a Planning
650 _a Sports administration
650 _aSports management
700 _a Singh, Gaurav Kumar
942 _cTB
999 _c51509
_d51509